| 000 | 00713cab a2200205 4500 | ||
|---|---|---|---|
| 001 | ABS38883 | ||
| 008 | 090401t1988 xxu||||| |||| 00| 0 eng d | ||
| 035 | _a(Sirsi) u13047 | ||
| 041 | _aeng | ||
| 100 | _aWhite, P. | ||
| 245 | _aSimple ways to dispel disaster | ||
| 260 | _c1988 | ||
| 350 | _a0 | ||
| 490 |
_aSurveyor _v169(4987) 24 March 1988, 12-14(3) |
||
| 520 | _aLooks at national efforts to reduce the health risk from radon gas , highlighting work carried out in Cornwall which as well as measuring levels of radon in public buildings has revealed forms of action to remedy the problem. | ||
| 650 | _aSAFETY | ||
| 690 | _aBUILT ENVIRONMENT-BUILDING PATHOLOGY | ||
| 942 | _n0 | ||
| 948 | _c04/03/1997 | ||
| 999 |
_c8386 _d8386 |
||